| 000 | 01462nac a22003731u 4500 | ||
|---|---|---|---|
| 008 | 100913t2003 mauab||frb||| 001 0 eng d | ||
| 010 | _a 2002025494 | ||
| 020 | _a0072480661 (alk. paper) | ||
| 020 | _a0071198881 (ISE) | ||
| 020 | _a9780071198882 | ||
| 040 |
_aEG-ScBUE _beng _cEG-ScBUE |
||
| 082 | 0 | 4 |
_a628.0154 _bSAW _222 |
| 100 | 1 |
_aSawyer, Clair N. _918980 |
|
| 245 | 1 | 0 |
_aChemistry for Environmental Engineering and Science / _cClair N. Sawyer, Perry L. McCarty, Gene F. Parkin. |
| 250 | _a5th ed. | ||
| 260 |
_aBoston : _bMcGraw-Hill, _c2003. |
||
| 300 |
_axv, 752 p. : _bill., map ; _c24 cm. |
||
| 490 | 0 | _aThe McGraw-Hill series in civil and environmental engineering | |
| 500 | _aIndex : p. 742-752. | ||
| 500 | _aAppendix : p. 729-741. | ||
| 504 | _aIncludes bibliographical references. | ||
| 590 | _aMenna Elemam. | ||
| 650 | 0 |
_aEnvironmental chemistry. _918982 _2BUEsh |
|
| 650 | 0 |
_aEnvironmental chemistry _vLaboratory manuals. _918983 _2BUEsh |
|
| 650 | 0 |
_aSanitary engineering. _918984 _2BUEsh |
|
| 650 | 0 |
_aSanitary engineering _vLaboratory manuals. _918985 _2BUEsh |
|
| 651 | _2BUEsh | ||
| 653 |
_bENGCHE _cAugust2015 |
||
| 700 | 1 |
_aMcCarty, Perry L. _918986 |
|
| 700 | 1 |
_aParkin, Gene F. _918987 |
|
| 856 | 4 | 2 |
_3Publisher description _uhttp://www.loc.gov/catdir/description/mh024/2002025494.html |
| 856 | 4 | 2 |
_3Table of contents _uhttp://www.loc.gov/catdir/toc/mh023/2002025494.html |
| 942 |
_cBB _k628.0154 SAW _2ddc |
||
| 999 |
_c2170 _d2170 |
||